Statistics for Oldest Flags Still In Use

Click here to take the quiz!

General Stats

  • This quiz has been taken 33 times
  • The average score is 19 of 20

Answer Stats

Answer% Correct
Denmark
100%
Turkey
100%
Nepal
100%
United Kingdom
100%
Chile
100%
Argentina
100%
Uruguay
100%
France
100%
Belgium
100%
Netherlands
100%
Peru
96%
Colombia
96%
Tunisia
92%
Japan
92%
Liberia
92%
Ecuador
88%
Paraguay
88%
San Marino
88%
Bolivia
81%
Honduras
81%

Score Distribution

Percentile by Number Answered

Percent of People with Each Score

Your Score History

You have not taken this quiz